| 000 | 00456nam a22001457a 4500 | ||
|---|---|---|---|
| 003 | 0 | ||
| 005 | 20221115100021.0 | ||
| 008 | 221115b xxu||||| |||| 00| 0 eng d | ||
| 050 |
_aQA 76.5 _b.R36 2019 |
||
| 245 |
_aOnline ordering system for OLA cupcakes _cNico LouisP. Ramirez |
||
| 260 |
_aLas Pinas City, Philippines _bSouthville International School and Colleges _cC2019 |
||
| 300 |
_a79pp _c28cm. _fTheses |
||
| 500 | _aOrdering system. | ||
| 942 |
_2lcc _cTH |
||
| 999 |
_c364883 _d364883 |
||